000 00315 a2200109 4500
001 ART_39465
005 20260410161736.0
008 260409a
245 1 0 _aApertura de la economía
100 1 _aSturzenegger, Adolfo
773 0 _tEjecutivos de finanzas
_g- Año 8, Nª 70 (oct. 1990)
_wREV2863
999 _c18311
_d18311